BSC as a performance measuring tool in energy enterprise

Guardado en:
Detalles Bibliográficos
Autor principal: Brixová, Janette
Otros Autores: Grell, Michal, Kultan, Jaroslav, 1960-, Židová, Drahoslava
Formato: Capítulo de libro
Lenguaje:inglés
Materias:
Etiquetas: Agregar Etiqueta
Sin Etiquetas, Sea el primero en etiquetar este registro!

MARC

LEADER 00000naa$a2200000$$$4500
001 0134236
005 20240502072515.9
041 0 |a eng 
044 |a SK 
245 1 0 |a BSC as a performance measuring tool in energy enterprise  |c Janette Brixová, Michal Grell, Jaroslav Kultan, Drahoslava Židová 
500 |a Abstrakt 
610 2 0 |a podnik 
610 2 0 |a energetika 
610 2 0 |a metóda BSC 
610 2 0 |a systémy informačné manažérske 
100 1 |a Brixová, Janette 
700 1 |a Grell, Michal 
700 1 |a Kultan, Jaroslav, 1960- 
700 1 |a Židová, Drahoslava